[Event "BL2 West 1819 (Women)"]
[Site "Germany"]
[Date "2018.10.27"]
[Round "1.4"]
[White "Doepper, Anna Berenice"]
[Black "Fett, Sabine"]
[Result "1-0"]
[WhiteElo "1859"]
[BlackElo "1724"]
[PlyCount "47"]
[EventDate "2018.10.27"]
[EventType "team-tourn"]
[EventRounds "7"]
[EventCountry "GER"]
[SourceTitle "CBM 190 Extra"]
[Source "ChessBase"]
[SourceDate "2019.07.15"]
[SourceVersion "1"]
[SourceVersionDate "2019.07.15"]
[SourceQuality "1"]
[WhiteTeam "Bochum Wattenscheid (W)"]
[BlackTeam "Luebeck (W)"]
[WhiteTeamCountry "GER"]
[BlackTeamCountry "GER"]

1. a3 Nf6 2. e3 c5 3. d4 e6 4. c4 d5 5. Nc3 Nc6 6. Nf3 a6 7. Bd3 dxc4 8. Bxc4 b5 9. Bd3 cxd4 10. exd4 g6 11. 0-0 Bg7 12. Be3 0-0 13. Qe2 Bb7 14. Rad1 Ne7 15. Rfe1 Rc8 16. Bb1 Ned5 17. Ne4 Nxe3 18. Nxf6+ Qxf6 19. fxe3 Bd5 20. e4 Bc4 21. Qe3 Rfd8 22. b3 Bxb3 23. Qxb3 Qf4 24. e5 1-0

[Event "BL2 West 1516 (Women)"]
[Site "Germany"]
[Date "2015.12.05"]
[Round "3.5"]
[White "Doepper, Anna Berenice"]
[Black "Raus, Christina"]
[Result "1/2-1/2"]
[WhiteElo "1760"]
[BlackElo "1444"]
[PlyCount "129"]
[EventDate "2015.09.26"]
[EventType "team-tourn"]
[EventRounds "7"]
[EventCountry "GER"]
[SourceTitle "EXT 2017"]
[Source "ChessBase"]
[SourceDate "2016.10.25"]
[SourceVersion "1"]
[SourceVersionDate "2016.10.25"]
[SourceQuality "1"]
[WhiteTeam "Wattenscheid (W)"]
[BlackTeam "Steinfurt (W)"]
[WhiteTeamCountry "GER"]
[BlackTeamCountry "GER"]

1. e4 c5 2. c3 g6 3. d4 cxd4 4. cxd4 Bg7 5. Nf3 e6 6. Nc3 Ne7 7. Bc4 b6 8. 0-0 Bb7 9. e5 0-0 10. Ng5 d6 11. f4 h6 12. Nf3 d5 13. Bd3 f5 14. Be3 Nbc6 15. Nh4 Kf7 16. Kh1 h5 17. Qf3 Bh6 18. Qg3 Rg8 19. h3 Nc8 20. Nf3 a6 21. Rac1 b5 22. Qf2 Rh8 23. Kg1 Nb6 24. b3 Qe7 25. Qe2 Nb4 26. Bb1 Rac8 27. a3 Nc6 28. a4 bxa4 29. bxa4 Qa3 30. Bd3 Nb4 31. Bd2 Nxd3 32. Qxd3 Nxa4 33. Ra1 Rxc3 34. Rxa3 Rxd3 35. Rxd3 Rc8 36. Rb1 Bc6 37. Rdb3 Bb5 38. Rc1 Rxc1+ 39. Bxc1 Ke7 40. g3 Nb6 41. Kf2 Nc4 42. Nd2 Kd7 43. Nxc4 dxc4 44. Rc3 Bf8 45. Ke3 Kc6 46. Kf3 Kd5 47. Ke3 Bb4 48. Rc2 a5 49. Bb2 Ba4 50. Rc1 Bb3 51. Bc3 Bxc3 52. Rxc3 a4 53. Rc1 a3 54. Rg1 a2 55. Ra1 Kc6 56. Kd2 Kd5 57. Kc3 Ke4 58. Re1+ Kd5 59. Ra1 Ke4 60. Re1+ Kd5 61. h4 Ba4 62. Kb4 Bc2 63. Kc3 Bb1 64. Kb2 Kxd4 65. Rd1+ 1/2-1/2

[Event "Dortmund Sparkassen op-B"]
[Site "Dortmund"]
[Date "2015.07.04"]
[Round "8"]
[White "Doepper, Anna Berenice"]
[Black "Friedel, Roland"]
[Result "1-0"]
[WhiteElo "1716"]
[BlackElo "1582"]
[PlyCount "59"]
[EventDate "2015.06.27"]
[EventType "swiss"]
[EventRounds "9"]
[EventCountry "GER"]
[SourceTitle "CBM 167 Extra"]
[Source "ChessBase"]
[SourceDate "2015.09.14"]
[SourceVersion "1"]
[SourceVersionDate "2015.09.14"]
[SourceQuality "1"]

1. e4 e6 2. d4 d5 3. exd5 exd5 4. Nf3 Bg4 5. h3 Bh5 6. Bd3 Nf6 7. 0-0 Be7 8. c3 0-0 9. Bf4 Bd6 10. Bxd6 Qxd6 11. Nbd2 Nbd7 12. Qc2 Bg6 13. Bxg6 hxg6 14. Rfe1 Rfe8 15. b4 c6 16. Nb3 b6 17. a4 a6 18. Qd3 Rxe1+ 19. Rxe1 c5 20. dxc5 bxc5 21. Qd2 c4 22. Na1 Nf8 23. Nc2 Ne6 24. Ne3 Nc7 25. Nxc4 Qc6 26. Nce5 Qxa4 27. Ng5 Rf8 28. Nd3 Ne6 29. Nxe6 fxe6 30. Nc5 1-0

[Event "Dortmund Sparkassen op-B"]
[Site "Dortmund"]
[Date "2015.07.01"]
[Round "5"]
[White "Fistoul, Boris"]
[Black "Doepper, Anna Berenice"]
[Result "1-0"]
[WhiteElo "1846"]
[BlackElo "1716"]
[PlyCount "75"]
[EventDate "2015.06.27"]
[EventType "swiss"]
[EventRounds "9"]
[EventCountry "GER"]
[SourceTitle "CBM 167 Extra"]
[Source "ChessBase"]
[SourceDate "2015.09.14"]
[SourceVersion "1"]
[SourceVersionDate "2015.09.14"]
[SourceQuality "1"]

1. d4 Nf6 2. c4 c5 3. d5 e5 4. Nc3 d6 5. e4 Nbd7 6. f3 Be7 7. Bd3 0-0 8. Nge2 Ne8 9. Be3 Kh8 10. Qd2 a6 11. a4 b6 12. 0-0 g6 13. g4 Ng7 14. Ng3 Rb8 15. Kg2 Nf6 16. Rh1 Nd7 17. h3 Rg8 18. Rh2 Bh4 19. Rah1 Qf8 20. Bg5 Bxg5 21. Qxg5 f6 22. Qd2 f5 23. exf5 gxf5 24. Kg1 Nf6 25. Rg2 f4 26. Nge4 Nge8 27. Kf1 Bd7 28. Qf2 Rg7 29. Rhg1 Qe7 30. h4 Nxe4 31. Nxe4 Nf6 32. Nc3 Re8 33. Rh1 Reg8 34. h5 Be8 35. Qh4 Qf8 36. Bf5 Nxh5 37. Ne4 Bg6 38. Bxg6 1-0

[Event "GER-ch U25 op-A"]
[Site "Willingen"]
[Date "2015.05.28"]
[Round "7"]
[White "Doepper, Anna Berenice"]
[Black "Torzinski, Nils"]
[Result "0-1"]
[WhiteElo "1673"]
[BlackElo "1837"]
[PlyCount "52"]
[EventDate "2015.05.24"]
[EventType "swiss"]
[EventRounds "9"]
[EventCountry "GER"]
[SourceTitle "CBM 166 Extra"]
[Source "ChessBase"]
[SourceDate "2015.06.18"]
[SourceVersion "1"]
[SourceVersionDate "2015.06.18"]
[SourceQuality "1"]

1. e4 e5 2. d4 exd4 3. Nf3 Nc6 4. Bc4 Nf6 5. 0-0 Nxe4 6. Re1 d5 7. Bxd5 Qxd5 8. Nc3 Qa5 9. Nxe4 Be6 10. Neg5 0-0-0 11. Nxe6 fxe6 12. Rxe6 Be7 13. Qe1 Qc5 14. Ne5 Bd6 15. Nxc6 bxc6 16. Qe2 Rhf8 17. Qg4 Kb7 18. Re2 h6 19. Bd2 g5 20. Rae1 Qxc2 21. Bxg5 Qf5 22. Qh3 hxg5 23. Qb3+ Kc8 24. Qa4 d3 25. Re6 d2 26. Qa6+ Kb8 0-1

[Event "GER-ch U25 op-A"]
[Site "Willingen"]
[Date "2015.05.24"]
[Round "1"]
[White "Reisberg, Andre"]
[Black "Doepper, Anna Berenice"]
[Result "1-0"]
[WhiteElo "1992"]
[BlackElo "1673"]
[PlyCount "193"]
[EventDate "2015.05.24"]
[EventType "swiss"]
[EventRounds "9"]
[EventCountry "GER"]
[SourceTitle "CBM 166 Extra"]
[Source "ChessBase"]
[SourceDate "2015.06.18"]
[SourceVersion "1"]
[SourceVersionDate "2015.06.18"]
[SourceQuality "1"]

1. d4 Nf6 2. c4 c5 3. d5 e5 4. Nc3 d6 5. Nf3 Be7 6. g3 0-0 7. Bg2 Ne8 8. 0-0 f5 9. Ne1 Na6 10. f4 e4 11. Nc2 Nac7 12. a3 Bf6 13. Qd2 Bd7 14. Rb1 Rb8 15. b3 b5 16. Bb2 bxc4 17. bxc4 Rb3 18. Rfc1 Qb8 19. Na1 Rb7 20. e3 g6 21. Qc2 Ng7 22. Nd1 Rb6 23. Bxf6 Rxf6 24. Nc3 Qe8 25. Rxb6 axb6 26. Qb2 Rf8 27. Qxb6 Qb8 28. Rb1 Qxb6 29. Rxb6 Ra8 30. Nc2 Nge8 31. Bf1 Kf7 32. Rb7 Kf6 33. Be2 Bc8 34. Rb6 Bd7 35. Kf2 Ke7 36. Rb7 Bc8 37. Rb1 Bd7 38. Rb7 Bc8 39. Rb2 Bd7 40. Ra2 Na6 41. Rb2 Nac7 42. Ke1 Kd8 43. Kd2 Kc8 44. Bd1 Nf6 45. Rb6 Nfe8 46. Nb1 Kd8 47. Kc3 Na6 48. Rb2 Nac7 49. Kb3 Ba4+ 50. Ka2 Kc8 51. Nc3 Bd7 52. Rb6 Ra7 53. Na1 Na6 54. Kb2 Kc7 55. Rb3 Kc8 56. Nb5 Rb7 57. a4 Nb4 58. Be2 Kd8 59. Nc2 Na6 60. Kc3 Kc8 61. Kb2 Kd8 62. Ka3 Kc8 63. Nc3 Ra7 64. Kb2 Nac7 65. Ra3 Na6 66. Nb5 Rb7 67. Kc3 Kb8 68. a5 Kc8 69. Na1 Kb8 70. Nb3 Kc8 71. Nd2 Kd8 72. Nb1 Kc8 73. Kd2 Kd8 74. N1c3 Ke7 75. Na4 Nec7 76. Nxc7 Rxc7 77. Nb6 Rb7 78. Bd1 Kd8 79. Kc3 Kc7 80. Rb3 Ra7 81. Rb1 Nb4 82. Ra1 Bc8 83. Ba4 Ba6 84. Bd7 Kd8 85. Be6 Rc7 86. g4 fxg4 87. Bxg4 Nd3 88. Be6 Ke7 89. Rf1 Kd8 90. f5 Ne5 91. f6 Nf7 92. Rf4 Ra7 93. Rxe4 Ne5 94. Rf4 Ke8 95. Rf1 Kf8 96. Rb1 Bb7 97. Na4 1-0

[Event "GER-ch U18 Girls"]
[Site "Magdeburg"]
[Date "2014.06.12"]
[Round "7"]
[White "Krausse, Vanessa"]
[Black "Doepper, Anna Berenice"]
[Result "0-1"]
[WhiteElo "1606"]
[BlackElo "1646"]
[PlyCount "78"]
[EventDate "2014.06.08"]
[EventType "swiss"]
[EventRounds "9"]
[EventCountry "GER"]
[SourceTitle "CBM 160 Extra"]
[Source "ChessBase"]
[SourceDate "2014.07.01"]
[SourceVersion "1"]
[SourceVersionDate "2014.07.01"]
[SourceQuality "1"]

1. e4 e6 2. d4 d5 3. Nc3 Nf6 4. Bg5 dxe4 5. Nxe4 Be7 6. Bxf6 gxf6 7. Qd2 f5 8. Nc3 Bf6 9. Nf3 h5 10. 0-0-0 c6 11. g3 Nd7 12. Bg2 Nb6 13. Rhe1 Nd5 14. Nxd5 cxd5 15. Kb1 Bd7 16. Qf4 Bc6 17. Qxf5 Kf8 18. Qf4 Rc8 19. Ne5 Ba4 20. b3 Be8 21. c4 dxc4 22. Nxc4 Qe7 23. Bxb7 Rxc4 24. Ba6 Rc6 25. Bc4 Rb6 26. d5 e5 27. Qd2 Qb4 28. Qd3 Bd7 29. d6 Kg7 30. Rf1 Bh3 31. Rg1 Bg4 32. Rd2 Rd8 33. Rc2 Rbxd6 34. Qe3 Bf5 35. Qxa7 Bxc2+ 36. Kxc2 Rd2+ 37. Kb1 Rd1+ 38. Rxd1 Rxd1+ 39. Kb2 e4+ 0-1

[Event "GER-ch U18 Girls"]
[Site "Magdeburg"]
[Date "2014.06.10"]
[Round "5"]
[White "Lagunow, Elina"]
[Black "Doepper, Anna Berenice"]
[Result "1-0"]
[WhiteElo "1861"]
[BlackElo "1646"]
[PlyCount "65"]
[EventDate "2014.06.08"]
[EventType "swiss"]
[EventRounds "9"]
[EventCountry "GER"]
[SourceTitle "CBM 160 Extra"]
[Source "ChessBase"]
[SourceDate "2014.07.01"]
[SourceVersion "1"]
[SourceVersionDate "2014.07.01"]
[SourceQuality "1"]

1. Nf3 Nf6 2. g3 c5 3. Bg2 g6 4. 0-0 Bg7 5. d3 0-0 6. e4 d6 7. c3 e6 8. Nbd2 Nc6 9. Qe2 Qb6 10. Nc4 Qc7 11. Bf4 e5 12. Bg5 Ne8 13. Ne3 f6 14. Nd5 Qd8 15. Be3 Nc7 16. d4 cxd4 17. cxd4 Nxd5 18. exd5 Ne7 19. dxe5 fxe5 20. Rfd1 Qa5 21. Nd2 Nf5 22. Nc4 Qd8 23. Rac1 Bd7 24. Qd2 Nxe3 25. Qxe3 Bf5 26. Qb3 Qe7 27. Qb4 Rfd8 28. Na5 Rab8 29. Rc4 Bh6 30. g4 Bc8 31. Re1 Qf7 32. f4 Bxf4 33. Nc6 1-0

[Event "GER-chT U16"]
[Site "Lingen"]
[Date "2013.12.27"]
[Round "2.4"]
[White "Doepper, Anna Berenice"]
[Black "Wastian, Jan"]
[Result "1/2-1/2"]
[WhiteElo "1600"]
[BlackElo "1628"]
[PlyCount "105"]
[EventDate "2013.12.27"]
[EventType "team-swiss"]
[EventRounds "7"]
[EventCountry "GER"]
[SourceTitle "EXT 2015"]
[Source "ChessBase"]
[SourceDate "2014.11.20"]
[SourceVersion "1"]
[SourceVersionDate "2014.11.20"]
[SourceQuality "1"]
[WhiteTeam "Katernberg"]
[BlackTeam "Brackel"]
[WhiteTeamCountry "GER"]
[BlackTeamCountry "GER"]

1. e4 c6 2. d4 d5 3. exd5 cxd5 4. c4 Nf6 5. Nc3 e6 6. Nf3 Bb4 7. Bd2 0-0 8. Qb3 Be7 9. cxd5 exd5 10. Bd3 Nc6 11. Ne2 Ne4 12. a3 Bg4 13. Bb5 Bf6 14. Bxc6 bxc6 15. Bb4 Re8 16. 0-0 Ng5 17. Rfe1 Nxf3+ 18. gxf3 Bf5 19. Rac1 Qd7 20. Qc3 Rac8 21. Ng3 Bg6 22. Bc5 h6 23. Rxe8+ Rxe8 24. Re1 a6 25. Rxe8+ Qxe8 26. Qe3 Qb8 27. b4 Bg5 28. Qe2 Qb5 29. Qxb5 cxb5 30. Nf1 Bf5 31. Ne3 Be6 32. Kg2 Bf4 33. Be7 f6 34. Bc5 Kf7 35. h3 Kg6 36. Bf8 Kh7 37. Bc5 Kh8 38. Be7 Kg8 39. Bd8 Kf8 40. Bb6 Kf7 41. Bc5 g6 42. Bb6 f5 43. Bd8 g5 44. Bb6 Kg6 45. Bd8 h5 46. Be7 g4 47. Bh4 Bh6 48. fxg4 hxg4 49. hxg4 fxg4 50. Be7 Bg7 51. Bc5 Bh6 52. Kg3 Kh5 53. Be7 1/2-1/2

[Event "GER-ch U14 Girls"]
[Site "Oberhof"]
[Date "2013.05.21"]
[Round "4"]
[White "Doepper, Anna Berenice"]
[Black "Hacklinger, Dilan"]
[Result "1/2-1/2"]
[WhiteElo "1532"]
[BlackElo "1313"]
[PlyCount "47"]
[EventDate "2013.05.19"]
[EventType "swiss"]
[EventRounds "9"]
[EventCountry "GER"]
[SourceTitle "CBM 154 Extra"]
[Source "ChessBase"]
[SourceDate "2013.06.25"]
[SourceVersion "2"]
[SourceVersionDate "2013.06.25"]
[SourceQuality "1"]

1. e4 c5 2. d4 cxd4 3. Nf3 Nf6 4. e5 Nd5 5. Bc4 Nb6 6. Bd3 Nc6 7. 0-0 d5 8. h3 e6 9. Qe2 Bc5 10. Rd1 a6 11. Nbd2 Nd7 12. Nb3 Bb6 13. Bf4 0-0 14. a3 Qc7 15. Bg3 Nc5 16. Nbxd4 Nxd4 17. Nxd4 Nxd3 18. Rxd3 Bd7 19. Qd2 Bxd4 20. Rxd4 Rac8 21. c3 Bb5 22. Rg4 Qd7 23. Rxg7+ Kxg7 24. Qg5+ 1/2-1/2

[Event "GER-ch U14 Girls"]
[Site "Oberhof"]
[Date "2013.05.20"]
[Round "3"]
[White "Rogozenco, Teodora Nana"]
[Black "Doepper, Anna Berenice"]
[Result "1-0"]
[WhiteElo "1821"]
[BlackElo "1532"]
[PlyCount "117"]
[EventDate "2013.05.19"]
[EventType "swiss"]
[EventRounds "9"]
[EventCountry "GER"]
[SourceTitle "CBM 154 Extra"]
[Source "ChessBase"]
[SourceDate "2013.06.25"]
[SourceVersion "2"]
[SourceVersionDate "2013.06.25"]
[SourceQuality "1"]

1. d4 Nf6 2. Nf3 c5 3. d5 e5 4. Nxe5 d6 5. Nf3 Nbd7 6. Nc3 Be7 7. e4 a6 8. a4 Rb8 9. Bc4 0-0 10. 0-0 Ng4 11. Bf4 Qc7 12. a5 Bf6 13. Nd2 Nge5 14. Re1 Re8 15. Bf1 Nf8 16. h3 Nfg6 17. Bh2 Qe7 18. Na4 Nd7 19. Nc4 Nde5 20. Nab6 Nxc4 21. Nxc4 Ne5 22. c3 Nxc4 23. Bxc4 Qc7 24. Qb3 Bd7 25. Qb6 Qxb6 26. axb6 Be5 27. f4 Bf6 28. e5 Be7 29. Rad1 Ba4 30. b3 Bb5 31. Bxb5 axb5 32. f5 Red8 33. c4 b4 34. Ra1 Kf8 35. Ra5 Rbc8 36. Ra7 Rb8 37. Ra5 Rbc8 38. Rea1 dxe5 39. Bxe5 Bd6 40. Bxd6+ Rxd6 41. Rb5 Ke7 42. Kf2 Rd7 43. Re1+ Kd6 44. Ra5 Rdd8 45. Ra7 Rd7 46. Kf3 Rb8 47. Kf4 Re7 48. Rxe7 Kxe7 49. g4 Kd6 50. h4 h6 51. g5 hxg5+ 52. Kxg5 Ke7 53. h5 f6+ 54. Kg6 Kf8 55. h6 gxh6 56. Kxh6 Kf7 57. Kh7 Kf8 58. Kg6 Ke7 59. Kg7 1-0

[Event "GER-ch U14 Girls"]
[Site "Oberhof"]
[Date "2012.06.02"]
[Round "9"]
[White "Doepper, Anna Berenice"]
[Black "Koch, Elisabeth"]
[Result "1/2-1/2"]
[WhiteElo "1419"]
[BlackElo "1672"]
[PlyCount "79"]
[EventDate "2012.05.27"]
[EventType "swiss"]
[EventRounds "9"]
[EventCountry "GER"]
[SourceTitle "CBM 148 Extra"]
[Source "ChessBase"]
[SourceDate "2012.06.22"]
[SourceVersion "1"]
[SourceVersionDate "2012.06.22"]
[SourceQuality "1"]

1. e4 e5 2. d4 exd4 3. Nf3 Nc6 4. Bc4 Nf6 5. 0-0 Nxe4 6. Re1 d5 7. Bxd5 Qxd5 8. Nc3 Qa5 9. Nxe4 Be6 10. Neg5 0-0-0 11. Nxe6 fxe6 12. Rxe6 h6 13. Qe2 Bd6 14. Bd2 Qh5 15. a3 Rhf8 16. h3 g5 17. Re1 Rg8 18. Rf6 Rde8 19. Re6 Rd8 20. Rf6 Kb8 21. Nxd4 Qe8 22. Qxe8 Rgxe8 23. Nxc6+ bxc6 24. Rxe8 Rxe8 25. Kf1 Rh8 26. Bc3 Rh7 27. Rg6 Bf4 28. Rxc6 h5 29. Rg6 Rd7 30. g3 Bc1 31. Ke2 Kb7 32. Re6 h4 33. Re4 hxg3 34. fxg3 Kb6 35. Bd4+ c5 36. Bc3 Kb5 37. Kf2 Bd2 38. Bxd2 Rxd2+ 39. Re2 Rd5 40. Ke1 1/2-1/2

[Event "GER-chT U12"]
[Site "Arendsee"]
[Date "2009.12.30"]
[Round "7.4"]
[White "Zoller, Philipp"]
[Black "Doepper, Anna Berenice"]
[Result "1-0"]
[WhiteElo "1021"]
[BlackElo "906"]
[PlyCount "79"]
[EventDate "2009.12.27"]
[EventType "team-swiss"]
[EventRounds "7"]
[EventCountry "GER"]
[SourceTitle "EXT 2022"]
[Source "ChessBase"]
[SourceDate "2021.10.06"]
[SourceVersion "1"]
[SourceVersionDate "2021.10.06"]
[SourceQuality "1"]
[WhiteTeam "Unterkochen U12"]
[BlackTeam "Katernberg SF U12"]
[WhiteTeamCountry "GER"]
[BlackTeamCountry "GER"]

1. e4 e6 2. d3 c5 3. Nf3 Nc6 4. g3 g6 5. Bg2 Bg7 6. c3 e5 7. Be3 d6 8. 0-0 Nge7 9. Nbd2 0-0 10. h3 h6 11. Nh2 Be6 12. Qe2 Qd7 13. g4 Rac8 14. f4 f6 15. Rf2 g5 16. f5 Bf7 17. b3 b6 18. Nhf3 Rfe8 19. Kh2 Kh7 20. Rh1 Rh8 21. Kg1 Kg8 22. Bf1 d5 23. Rfh2 a6 24. h4 b5 25. Bxc5 d4 26. cxd4 Nxd4 27. Bxd4 exd4 28. hxg5 fxg5 29. Qg2 Rc2 30. e5 Nd5 31. e6 Bxe6 32. fxe6 Qxe6 33. Qe2 Qf7 34. Rf2 Nf4 35. Qe4 Qd7 36. Ne5 Bxe5 37. Qxe5 Qxg4+ 38. Bg2 Nxd3 39. Qe8+ Kg7 40. Qf7# 1-0